000 01714cam a2200409 a 4500
001 11867593
003 OSt
005 20140310182250.0
008 991213s2000 nyu c 000 1 eng
010 _a 99089894
020 _a0679889159 (trade)
020 _a0679989153 (lib. bdg.)
040 _aDLC
_cDLC
_dDLC
042 _alcac
050 0 0 _aPZ 7
_b.P61464 2000
082 0 0 _aFIC
_bP59p 2000
100 1 _aPierce, Tamora.
_919642
245 1 0 _aPage /
_cTamora Pierce.
260 _aNew York :
_bRandom House,
_c2000.
300 _a268 p. :
_c18 cm.
490 1 _aProtector of the small
500 _aSequel to: First test.
500 _aSequel: Squire.
520 _aKeladry of Mindelan continues her training to become a squire with the aid of a new maid, the support of her friends, interference from some other pages, and some serious, even dangerous opposition.
541 _j1
562 _eFor circulation. 1 copy in the collection
650 1 _aKnights and knighthood
_vFiction.
_919853
650 1 _aSex role
_vFiction.
_919854
650 1 _aFantasy.
_93293
800 1 _aPierce, Tamora.
_tProtector of the small.
_919855
856 4 2 _3Contributor biographical information
_uhttp://www.loc.gov/catdir/bios/random059/99089894.html
856 4 1 _3Sample text
_uhttp://www.loc.gov/catdir/samples/random041/99089894.html
856 4 2 _3Publisher description
_uhttp://www.loc.gov/catdir/description/random042/99089894.html
906 _a7
_bcbc
_corignew
_d1
_eocip
_f19
_gy-gencatlg
942 _2lcc
_cBK-FIC
999 _c11337
_d11337